Semiclassical descriptions of atomic and nuclear collisions : Proceedings : Konf. Copenhagen, Denmark, 25.- 28. March 1985 /
Gespeichert in:
| Weitere Verfasser: | |
|---|---|
| Format: | Buch |
| Sprache: | Englisch |
| Veröffentlicht: |
Amsterdam :
North-Holland,
1985
|
| Ausgabe: | 1.vyd. |
| Schlagworte: | |
| Tags: |
Keine Tags, Fügen Sie das erste Tag hinzu!
|
MARC
| LEADER | 00000nam a22000003a 4500 | ||
|---|---|---|---|
| 001 | stu7899 | ||
| 005 | 20150617225806.0 | ||
| 008 | 950524s1985----ne------------------eng-d | ||
| 020 | |a 0-444-86972-7 | ||
| 040 | |a STU |b slo | ||
| 041 | 0 | |a eng | |
| 044 | |a ne | ||
| 080 | |a 539.17 | ||
| 080 | |a 535.35 | ||
| 084 | |a A3440 |2 INS | ||
| 084 | |a A3450 |2 INS | ||
| 084 | |a A3480D |2 INS | ||
| 100 | 1 | |a Bang, Jens |4 com | |
| 245 | 1 | |a Semiclassical descriptions of atomic and nuclear collisions : |b Proceedings : Konf. Copenhagen, Denmark, 25.- 28. March 1985 / |c Edit.: Bang,Jens a kol | |
| 250 | |a 1.vyd. | ||
| 260 | |a Amsterdam : |b North-Holland, |c 1985 | ||
| 300 | |a 487 s | ||
| 650 | 7 | |a jadrová fyzika |2 stusub | |
| 650 | 7 | |a jadrové reakcie |2 stusub | |
| 650 | 7 | |a rozptyl častíc |2 stusub | |
| 650 | 7 | |a excitácie |2 stusub | |
| 650 | 7 | |a zrážky atómov |2 stusub | |
| 996 | |b E79789 |c E*79789 |l EE10 |s P |a 0 |w stu7899_0001 | ||